1740s Decade Quiz - Statistics

General Stats
  • This quiz has been taken 97 times
    89 since last reset
  • The average score is 6 of 16
Answer Stats
Hint Answer % Correct
Swedish scientist who devised the Centigrade temperature scale, later re-named for him Anders Celsius
75%
The competition rules for this game were first written down in Leith, Scotland Golf
70%
Hanoverian composer of the oratorio “Messiah” George Frederick Handel
63%
Powerful Habsburg Empress whose accession as a result of the Pragmatic Sanction of 1713 led to the War of the Austrian Succession Empress Maria Theresa
60%
AKA Charles Edward Stuart, the Young Pretender, defeated by the British at the battle of Culloden Bonnie Prince Charlie
42%
Empress of Russia throughout most of the decade, refused to execute a single person during her reign Empress Elizabeth
40%
1745 saw the last of these three rebellions, intended to restore the Catholic Stuart line to the British throne Jacobite
40%
Patriotic song composed by Thomas Arne with lyrics by James Thomson, celebrated the victories of the Royal Navy Rule Britannia!
40%
Series of wars fought between Prussia and Austria for control of a large region of what is modern-day South West Poland Silesian Wars
40%
British Admiral, captured Portobello accompanied by Virginian officer Lawrence Washington, who later named the family estate in his honour Edward Vernon
28%
Town founded in North Carolina, named for an English Earl, the second Prime Minister of Great Britain Wilmington
27%
Item of clothing banned by the Dress Act in 1746 Kilt
22%
Highly successful Persian General, founder of the Afsharid dynasty and sometimes known as the “Napoleon / Alexander of the East” Nader Shah
22%
Slaughter of over 10,000 Chinese by Dutch East India Company forces at the site of modern-day Jakarta Batavia Massacre
21%
Series of wars fought on Mughal Empire territory between Britain and France for control of Southern India and the Deccan Plateau Carnatic Wars
12%
Royal Navy Commodore who led a squadron on a circumnavigation, capturing the treasure-laden Manila Galleon en route George Anson
1%
No matching quizzes found
Score Distribution
Percent of People with Each Score
Percentile by Number Answered
Your Score History
You have not taken this quiz since the last reset